000 00466nam a2200157 a 4500
005 20140412111220.0
008 001109s19uu xx 00 eng d
020 _a0-590-43614-7
050 _aTR(PS E
_bHo83 1985
100 _aSchwartz, David M.
245 _aHow much is a million? /
_cby David M. Schwartz ; pictures by Steven Kellog.
260 _aNew York :
_bScholastic Inc,
_c1985.
300 _a[33] p. ; ill.
650 _aCounting books
999 _c101900
_d101900